| 000 | 00929cad a22002295a 4500 | ||
|---|---|---|---|
| 001 | E152064 | ||
| 008 | 110131s2010 xxk f 100 0 eng d | ||
| 020 | _a9781842196199 | ||
| 035 | _a(Sirsi) u152064 | ||
| 041 | 0 | _aeng | |
| 100 | 1 | _aMoore, Richard | |
| 111 | 2 |
_aConstruction and Building Research Conference _cDauphine Universite, Paris _d2-3 September 2010 |
|
| 245 | 0 | 0 |
_aRialto Hotel Melbourne _ba sustainable refurbishment meeting the challenges of existing buildings _h[electronic resource] |
| 260 |
_aLondon _bRICS _c2010 |
||
| 520 | _aA paper presented at the COBRA Conference in Paris on 2-3 September 2010. | ||
| 590 | _aKA | ||
| 650 | 2 | 4 | _aCONSTRUCTION AND BUILDING RESEARCH CONFERENCE (COBRA) |
| 651 | 4 | _aAustralia | |
| 690 | _aENVIRONMENTAL AND LAND CONSULTANCY-ENERGY | ||
| 856 | 4 | 0 |
_uhttps://archive.rics.org/site/download_feed.aspx?fileID=8148&fileExtension=PDF _zBroken link - not available |
| 942 | _n0 | ||
| 999 |
_c111830 _d111830 |
||